000 00628nam a2200181Ia 4500
008 151018s9999 xx 000 0 und d
082 _bRBASDV59532
_a891.463
100 _aमंगला कुलकर्णी
245 _aआई उदे गं अंबे उदे
250 _b1
260 _bआनंद प्रकाशन
_c2012
300 _a120
600 _aमंगला कुलकर्णी
630 _aआई उदे गं अंबे उदे
700 _aमंगला कुलकर्णी
730 _aआई उदे गं अंबे उदे
942 _cBOOK
999 _c1053391
_d1053388